=LDR 00000nam 2200000 4500 =001 INLIS000000000013858 =005 20130612105201 =008 ***********************************Ind** =035 ##$$0010-061300000013858 =041 ##$$a Ind =082 ##$$a 691.7 =090 ##$$a 691.7, Pot k =100 ##$$a Potma, A.P =245 ##$$a Konstruksi baja, Seni,perhitungan dan pelaksanaan, A.P. Potma =260 ##$$a 2001 $b Jakarta =300 ##$$a 386 hlm, Ilus, 30 cm =650 ##$$a Baja Struktural =850 ##$$a NBPNMAT